000
00304nam a22001337a 4500
008
181019b xxu||||| |||| 00| 0 eng d
020
_a
0352006500
041
_a
eng
080
_a
621
100
_a
27
101
_a
MEK
245
_a
Introduction to Automatic Controls
_c
Harrison, H.L
942
_2
udc
_c
BK
999
_c
50284
_d
50284